Statistiche per Autostrade italiane - Quiz n°1

Clicka qui per fare il quiz!

Statistiche generali

  • Questo quiz è stato fatto 55 volte
  • Il punteggio medio è 7 su 12

Statistiche sulle risposte

PercorsoEstensione (km)SoprannomeAutostrada% Corretto
Bologna - Taranto743,4Autostrada AdriaticaA14
85%
Salerno - Reggio Calabria432,6Autostrada del MediterraneoA2
76%
Brennero - Modena315Autostrada del BrenneroA22
76%
Brescia - Milano62,1Autostrada BreBeMiA35
63%
Genova Voltri - Gravellona Toce197,1Autostrada dei TraforiA26
59%
Torino - Monte Bianco143,4Autostrada della Valle d'AostaA5
59%
Torino - Savona124,3La VerdemareA6
54%
Genova - Cecina / Tarquinia - Roma210 + 79,6Autostrada AzzurraA12
52%
Messina - Buonfornello183-A20
50%
Torano - Pescara115Autostrada dei ParchiA25
50%
Palermo - Mazara del Vallo114,8-A29
48%
Asti - Alba / Cherasco - Cuneo52-A33
46%

Distribuzione punteggi

Percentile per numero di risposta

Percentuale di utenti per punteggio

I tuoi punteggi nel tempo

Non hai fatto questo quiz